La política de transportes en Europa Occidental
Guardat en:
| Autor principal: | |
|---|---|
| Altres autors: | , , |
| Format: | Llibre |
| Idioma: | Spanish |
| Publicat: |
Madrid : Ministerio de Obras Públicas. Consejo Superior de Transportes Terrestres
1976
|
| Matèries: | |
| Etiquetes: |
Afegir etiqueta
Sense etiquetes, Sigues el primer a etiquetar aquest registre!
|
MARC
| LEADER | 00000nam a2200000Ia 4500 | ||
|---|---|---|---|
| 003 | 001852 | ||
| 005 | 20221231143947.0 | ||
| 008 | 140114s1976 sp a 000 ||spa d | ||
| 040 | |c cru CEDI | ||
| 082 | |a 388.068 B189p | ||
| 100 | |a Billet, Georges |9 20849 | ||
| 245 | |a La política de transportes en Europa Occidental | ||
| 260 | |a Madrid : Ministerio de Obras Públicas. Consejo Superior de Transportes Terrestres |c 1976 | ||
| 300 | |a volumenes | ||
| 500 | |a Vol 1 contiene : : La politica de transporte en Francia. La política de transporte en Holanda Vol. 2 contiene: La politica de transporte en Alemania Federal. La politica de transporte en el Reino Unido | ||
| 650 | |x TRANSPORTE URBANO |x TRANSPORTE MARITIMO |x TRANSPORTE TERRESTRE |9 20852 | ||
| 700 | |a Klaassen, Leo H |9 20853 | ||
| 700 | |a Willeke, R |9 20879 | ||
| 700 | |a Beesley, M.E |9 20880 | ||
| 942 | |2 ddc |c BK | ||
| 999 | |c 14841 |d 14841 | ||
